<?xml version="1.0" encoding="UTF-8"?>
<collection xmlns="http://www.loc.gov/MARC21/slim">
 <record>
  <leader>01602nam a2200205Ia 4500</leader>
  <controlfield tag="001">TDMU_36716</controlfield>
  <controlfield tag="008">210410s9999    xx            000 0 und d</controlfield>
  <datafield tag="082" ind1=" " ind2=" ">
   <subfield code="a">342.73029</subfield>
  </datafield>
  <datafield tag="090" ind1=" " ind2=" ">
   <subfield code="b">NG527</subfield>
  </datafield>
  <datafield tag="100" ind1=" " ind2=" ">
   <subfield code="a">Nguyễn, Thị Ngọc Quí</subfield>
  </datafield>
  <datafield tag="245" ind1=" " ind2="0">
   <subfield code="a">Các nhân tố ảnh hưởng đến việc lựa chọn công ty dịch vụ kế toán của các doanh nghiệp vừa và nhỏ trên địa bàn  tỉnh Bình Dương</subfield>
  </datafield>
  <datafield tag="245" ind1=" " ind2="0">
   <subfield code="c">Nguyễn Thị Ngọc Quí; TS. Phạm Ngọc Toàn (hướng dẫn)</subfield>
  </datafield>
  <datafield tag="260" ind1=" " ind2=" ">
   <subfield code="a">Bình Dương</subfield>
  </datafield>
  <datafield tag="260" ind1=" " ind2=" ">
   <subfield code="c">2018</subfield>
  </datafield>
  <datafield tag="300" ind1=" " ind2=" ">
   <subfield code="a">94tr</subfield>
  </datafield>
  <datafield tag="520" ind1=" " ind2=" ">
   <subfield code="a">Chuyên ngành: Kế Toán; Mã số: 60.34.03.01; Ý kiến về việc sao chép tài liệu:  100%; Ý kiến về việc chép file: không đồng ý; TM tài liệu tham khảo sau phần kết luận; Luận văn Thạc sĩ  Kế toán ĐH Thủ Dầu Một, 2018; Luận văn gồm 5 chương. Chương 1 Tổng quan nghiên cứu; Chương 2 Cơ sở lý thuyết ; Chương 3  Phương pháp nghiên cứu; Chương 4 Kết quả và thảo luận nghiên cứu; Chương 5 Kết luận và kiến nghị</subfield>
  </datafield>
  <datafield tag="650" ind1=" " ind2=" ">
   <subfield code="a">Luận văn; Dịch vụ kế toán</subfield>
   <subfield code="x">Chất lượng</subfield>
   <subfield code="z">Bình Dương; Công ty dịch vụ kế toán</subfield>
   <subfield code="x">Lựa chọn</subfield>
   <subfield code="x">Nhân tố ảnh hưởng</subfield>
  </datafield>
  <datafield tag="700" ind1=" " ind2=" ">
   <subfield code="a">Phạm Ngọc Toàn</subfield>
  </datafield>
  <datafield tag="856" ind1=" " ind2=" ">
   <subfield code="u">http://lrc.tdmu.edu.vn/opac/search/detail.asp?aID=2&amp;ID=36716</subfield>
  </datafield>
  <datafield tag="980" ind1=" " ind2=" ">
   <subfield code="a">Trung tâm Học liệu Trường Đại học Thủ Dầu Một</subfield>
  </datafield>
 </record>
</collection>
